Biology.
Enregistré dans:
| Auteurs principaux: | , , |
|---|---|
| Format: | Inconnue |
| Langue: | anglais |
| Publié: |
New York, USA:
McGraw Hill,
2023.
|
| Édition: | Thirteenth Edition. |
| Sujets: | |
| Tags: |
Ajouter un tag
Pas de tags, Soyez le premier à ajouter un tag!
|
MARC
| LEADER | 00000 a2200000 4500 | ||
|---|---|---|---|
| 003 | CL-VaPUC | ||
| 005 | 20231207115348.0 | ||
| 008 | 231205t2023 ||||| |||| 00| 0 eng d | ||
| 999 | |c 442555 |d 442553 | ||
| 020 | |a 978-1264097852 | ||
| 040 | |c Pontificia Universidad Católica de Valparaíso | ||
| 082 | 7 | |a 570 MAS 2023 |2 22 | |
| 100 | |a Mason, Kenneth A. |e author |9 886370 | ||
| 245 | |a Biology. | ||
| 250 | |a Thirteenth Edition. | ||
| 260 | |a New York, USA: |b McGraw Hill, |c 2023. | ||
| 300 | |a 1343 páginas : |b ilustraciones. | ||
| 500 | |a Based on the work of Peter H. Raven and George B. Johnson. | ||
| 583 | |k GC |c 20231205 | ||
| 650 | |a Biología |v Libro de texto |9 886371 | ||
| 700 | |a Losos, Jonathan B. |e author |9 886372 | ||
| 700 | |a Duncan, Tod |e author |9 886373 | ||
| 942 | |2 ddc |c BK | ||
| 952 | |0 0 |1 0 |2 ddc |4 0 |6 570_000000000000000_MAS_2023 |7 0 |8 A |9 592754 |a BIBCUR |b BIBCUR |c GEN |d 2023-12-05 |e 1 |g 164293.00 |i 5659733 |l 2 |o 570 MAS 2023 |p 5659733 |r 2025-04-22 |s 2024-09-10 |t 1 |v 164293.00 |w 2023-12-05 |y BK |k BIO | ||